000 00460 a2200145 4500
001 92902
082 _a670.285 TIC
090 _c44562
_d44563
100 _aSham Tickoo
245 _aCATIA V5-6R2013 for designers
_bCADCIM technologies
260 _aUSA
_bCADCIM technologies
_c2014
300 _axxii, page varies
500 _aAerospace
650 _adesigners software- 3D
_cassembly design; wirefram & surface design ; free style; kinematics work bench
942 _aCAE NUST
_k670.285 TIC
999 _c327975
_d327975